Islam, the West, and tolerance : (Record no. 27130)
[ view plain ]
| 000 -LEADER | |
|---|---|
| fixed length control field | 02250cam a22003615i 4500 |
| 001 - CONTROL NUMBER | |
| control field | 014595604 |
| 003 - CONTROL NUMBER IDENTIFIER | |
| control field | Uk |
| 005 - DATE AND TIME OF LATEST TRANSACTION | |
| control field | 20190212144420.0 |
| 008 - FIXED-LENGTH DATA ELEMENTS--GENERAL INFORMATION | |
| fixed length control field | 070912s2008 nyu frb 001 0 eng d |
| 015 ## - | |
| -- | GBA858861 |
| -- | bnb |
| 016 7# - | |
| -- | 014595604 |
| -- | Uk |
| 020 ## - INTERNATIONAL STANDARD BOOK NUMBER | |
| International Standard Book Number | 9780230605466 (hbk.) |
| 020 ## - INTERNATIONAL STANDARD BOOK NUMBER | |
| International Standard Book Number | 023060546X (hbk.) |
| 040 ## - CATALOGING SOURCE | |
| Original cataloging agency | StDuBDS |
| Language of cataloging | eng |
| Transcribing agency | StDuBDS |
| Modifying agency | Uk |
| -- | EG-ScBUE |
| 082 04 - DEWEY DECIMAL CLASSIFICATION NUMBER | |
| Classification number | 909.09767 |
| Edition number | 22 |
| Item number | TYL |
| 100 1# - MAIN ENTRY--PERSONAL NAME | |
| Personal name | Tyler, Aaron. |
| 245 10 - TITLE STATEMENT | |
| Title | Islam, the West, and tolerance : |
| Remainder of title | conceiving coexistence / |
| Statement of responsibility, etc | by Aaron Tyler. |
| 264 #1 - PUBLICATION, DISTRIBUTION, ETC. (IMPRINT) | |
| Place of publication, distribution, etc | New York : |
| Name of publisher, distributor, etc | Palgrave Macmillan, |
| Date of publication, distribution, etc | 2008. |
| 300 ## - PHYSICAL DESCRIPTION | |
| Extent | 219 pages ; |
| Dimensions | 22 cm. |
| 336 ## - CONTENT TYPE | |
| Content type term | text |
| Source | rdacontent |
| 337 ## - MEDIA TYPE | |
| Media type term | unmediated |
| Source | rdamedia |
| 338 ## - CARRIER TYPE | |
| Carrier type term | volume |
| Source | rdacarrier |
| 504 ## - BIBLIOGRAPHY, ETC. NOTE | |
| Bibliography, etc | Includes bibliographical references (p. [205]-213) and index. |
| 505 0# - FORMATTED CONTENTS NOTE | |
| Formatted contents note | Introduction -- Colliding or converging civilizations? -- A historical glimpse of tolerance in the West -- Modern tolerance : a practical and theoretical critique -- Discovering Islam : a taproot of tolerance -- A diverse sampling of tolerance in the history of Islam -- A consensus for coexistence : employing a strategy of tolerance. |
| 520 ## - SUMMARY, ETC. | |
| Summary, etc | <br/>"This book provides an honest assessment of the contemporary relationship between Western and Islamic cultures and puts forth the cross-cultural idea of tolerance as one invaluable approach for affecting peaceful coexistence. For a sustainable coexistence to occur between Western and Muslim worlds, a disposition of tolerance toward otherness must be developed that permeates all levels of society, from local to global engagements. This timely comparative study presents a succinct analysis of select writings and practices of tolerance in Western and Islamic histories to show how a mutually esteemed conception of tolerance is discernable and absolutely essential in a world of enduring difference."--Jacket. |
| 650 #7 - SUBJECT ADDED ENTRY--TOPICAL TERM | |
| Topical term or geographic name as entry element | East and West. |
| Source of heading or term | BUEsh |
| 9 (RLIN) | 37081 |
| 650 #7 - SUBJECT ADDED ENTRY--TOPICAL TERM | |
| Topical term or geographic name as entry element | Islam. |
| Source of heading or term | BUEsh |
| 9 (RLIN) | 26245 |
| 650 #7 - SUBJECT ADDED ENTRY--TOPICAL TERM | |
| Topical term or geographic name as entry element | Islam |
| General subdivision | Relations |
| -- | Christianity. |
| Source of heading or term | BUEsh |
| 9 (RLIN) | 41990 |
| 650 #7 - SUBJECT ADDED ENTRY--TOPICAL TERM | |
| Topical term or geographic name as entry element | Christianity and other religions. |
| Source of heading or term | BUEsh |
| 9 (RLIN) | 21401 |
| 653 ## - INDEX TERM--UNCONTROLLED | |
| Resource For college | BAEPS, Political Science |
| Arrived date list | February2019 |
| 856 41 - ELECTRONIC LOCATION AND ACCESS | |
| Materials specified | Table of contents only |
| Uniform Resource Identifier | <a href="http://www.loc.gov/catdir/enhancements/fy0812/2007037560-t.html">http://www.loc.gov/catdir/enhancements/fy0812/2007037560-t.html</a> |
| 942 ## - ADDED ENTRY ELEMENTS (KOHA) | |
| Source of classification or shelving scheme | Dewey Decimal Classification |
| Koha item type | Book - Borrowing |
| Withdrawn status | Lost status | Source of classification or shelving scheme | Damaged status | Not for loan | Collection code | Home library | Current library | Shelving location | Date acquired | Source of acquisition | Cost, normal purchase price | Serial Enumeration / chronology | Total Checkouts | Full call number | Barcode | Date last seen | Price effective from | Koha item type |
|---|---|---|---|---|---|---|---|---|---|---|---|---|---|---|---|---|---|---|
| Dewey Decimal Classification | MERIC | Central Library | Central Library | Second Floor | 12/02/2019 | Purchase | 561.00 | 000292 | 909.09767 TYL | 000044195 | 15/07/2025 | 12/02/2019 | Book - Borrowing |